000 00952nam a22002897a 4500
001 BR8203798
003 BR-BrBNA
005 20230928091351.0
007 ta
008 230509b bl.||||| |||| 00| 0 por d
040 _aBR-BrBNA
_bpor
_cBiblioteca Nacional de Agricultura
041 _a(Por)
072 _aE70; F00
_b9410
_b/G514
090 _ 9410 BR8203798
100 1 _aJensen, J.L.
110 1 _aSecretaria de Estado da Agricultura, Curitiba, PR (Brasil). Depto. de Economia Rural
_98815
245 1 _aAnalise da estacionalidade da producao e dos precos de leite nos mercados do Estado do Parana, 1974-1982 [Brasil]
260 3 _aCuritiba, PR (Brasil):
_c1982.
300 _a47 p.
500 _a4 ref. (*) Documento disponível na(o) Biblioteca Estadual da Agricultura, Curitiba, PR (Brazil)
650 _aMERCADO
650 _aPRECO
650 _aLEITE
650 _aPARANA
909 _a202309
_bLucia
_c55
_dLucia Elande
942 _cBK
999 _c33573
_d33573